000 00786nam a2200265 i 4500
001 106366
003 ES-MaACL
005 20230906184127.0
007 t|
008 061103s1942 sp ||||1| spa d
080 _a929 Borgia, Lucrezia
080 _a929.52 Borgia (Familia)
100 1 _aAlmela i Vives, Francesc.
_920131
245 1 0 _aLucrecia Borja y su familia /
_cFrancisco Almela y Vives.
250 _a1ª ed.
260 _aBarcelona :
_bJuventud,
_c1942.
300 _a256 p. ;
_c22 cm.
490 1 _aVidas y memorias
500 _aBiblioteca Jacinto Mártínez Lacalle.
600 1 4 _aBorgia, Lucrezia.
_930479
600 3 4 _aBorgia (Familia)
_930482
830 0 _aVidas y memorias
_9182703
852 _aES-MaACL
_jE-11351
_bR.139014
999 _c106366
_d106366